A PRACTICAL BOOK OF PHARMACEUTICAL CHEMISTRY (Record no. 1220370)

MARC details
000 -LEADER
fixed length control field 00450nam a2200157Ia 4500
008 - FIXED-LENGTH DATA ELEMENTS--GENERAL INFORMATION
fixed length control field 260417s2022 xx 000 0 und d
041 ## - LANGUAGE CODE
Language code of text/sound track or separate title eng
082 ## - DEWEY DECIMAL CLASSIFICATION NUMBER
Classification number 615.19/PAU
Item number DI-1059
100 ## - MAIN ENTRY--PERSONAL NAME
Personal name MRS. KARTHIKA PAUL
245 ## - TITLE STATEMENT
Title A PRACTICAL BOOK OF PHARMACEUTICAL CHEMISTRY
250 ## - EDITION STATEMENT
Edition statement 2ND ed
260 ## - PUBLICATION, DISTRIBUTION, ETC.
Place of publication, distribution, etc. PUNE
Name of publisher, distributor, etc. 2022
-- NIRALI PRAKASHAN
300 ## - PHYSICAL DESCRIPTION
Extent P.B/77p
650 ## - SUBJECT ADDED ENTRY--TOPICAL TERM
Topical term or geographic name entry element A PRACTICAL BOOK PHARMACEUTICAL CHEMISTRY
700 ## - ADDED ENTRY--PERSONAL NAME
Personal name B.H. JASWANTH GOWDA
Holdings
Withdrawn status Lost status Damaged status Not for loan Home library Current library Date acquired Cost, normal purchase price Total Checkouts Full call number Barcode Date last seen Price effective from Koha item type
        College of Pharmacy, Kolhapur College of Pharmacy, Kolhapur 21/03/2024 100.00   DI-1059/615.19/PAU PCK-DI-1059 17/04/2026 17/04/2026 Book